Formula One Drivers by Career Path #4 - Statistics

General Stats
  • This quiz has been taken 9 times
  • The average score is 7 of 10
Answer Stats
Teams Answer % Correct
Sauber-Audi Gabriel Bortoleto
100%
Minardi-Jaguar-Williams-Red Bull Mark Webber
100%
BRM-Matra-March-Tyrrell Jackie Stewart
83%
Alpha Tauri-Red Bull-Racing Bulls Liam Lawson
83%
Alpha Tauri-Racing Bulls-Red Bull Yuki Tsunoda
83%
Williams-Benetton-Renault-BAR-Honda-Brawn GP-McLaren Jenson Button
67%
Sauber-Haas-Alfa Romeo Antonio Giovinazzi
50%
Williams-McLaren-Red Bull David Coulthard
50%
Caterham-Sauber Marcus Ericsson
50%
Brabham-Williams-Arrows-Jordan Damon Hill
33%
No matching quizzes found
Score Distribution
Percent of People with Each Score
Percentile by Number Answered
Your Score History
You have not taken this quiz